Olympics medal table - Surfing - Statistics

General Stats
  • This quiz has been taken 34 times
  • The average score is 4 of 5
Answer Stats
Total Gold Silver Bronze Nation % Correct
0 0 0 1 Australia
93%
1 1 0 0 United States
93%
1 1 0 0 Brazil
79%
2 0 1 1 Japan
72%
1 0 1 0 South Africa
21%
No matching quizzes found
Score Distribution
Percent of People with Each Score
Percentile by Number Answered
Your Score History
You have not taken this quiz